000 00695nam a22001577a 4500
003 OSt
005 20151105162855.0
008 151105b xxu||||| |||| 00| 0 eng d
040 _cRUA
082 _aAGR MAN 2005 B031 Or.1
100 _93422
_aMANN MONIKA
245 _aComparison of plant spacing on chinese cabbage at the royal university of agriculture, ប្រៀបធៀបចន្លោះគុម្ពលើដំណាំស្ពៃក្រញ៉ាញ់ក្នុងលក្ខខ័ណ្ឌសាកលវិទ្យាល័យភូមិន្ទកសិកម្ម​,
260 _aPhnom Penh
_bRUA
_c2005
300 _aix; 42p.
_bill.
_c29cm.
942 _2ddc
_cAGR
999 _c3192
_d3192